Ethical Issues in AI Policy for Academia: Is it Enough for AI Effective Implementation?
Táto práca zdôrazňuje naliehavosť vývoja štruktúrovaných politík v oblasti umelej inteligencie v akademickej sfére, ktoré presahujú rámec akademickej integrity a zahŕňajú širšie etické, technologické a riadiace aspekty.
Salvato in:
| Autore principale: | |
|---|---|
| Altri autori: | , , , , |
| Natura: | Capitolo di libro |
| Lingua: | inglese |
| Soggetti: | |
| Tags: |
Nessun Tag, puoi essere il primo ad aggiungerne!!
|
MARC
| LEADER | 00000naa$a2200000$$$4500 | ||
|---|---|---|---|
| 001 | 0314513 | ||
| 005 | 20260126125427.3 | ||
| 041 | 0 | |a eng | |
| 044 | |a US | ||
| 245 | 1 | 0 | |a Ethical Issues in AI Policy for Academia: Is it Enough for AI Effective Implementation? |c Artem Artiukhov, Nadiia Artiukhova, Oleksandr Dluhopolskyi, Serhii Kozlovskyi, Lesia Buiak, Nadiia Moskaliuk |
| 520 | |a Táto práca zdôrazňuje naliehavosť vývoja štruktúrovaných politík v oblasti umelej inteligencie v akademickej sfére, ktoré presahujú rámec akademickej integrity a zahŕňajú širšie etické, technologické a riadiace aspekty. | ||
| 610 | 2 | 0 | |a univerzity |
| 610 | 2 | 0 | |a inteligencia umelá |
| 610 | 2 | 0 | |a etika |
| 610 | 2 | 0 | |a implementácia |
| 610 | 2 | 0 | |a integrita akademická |
| 100 | 1 | |a Artiukhov, Artem, 1983- | |
| 700 | 1 | |a Artiukhova, Nadiia, 1988- | |
| 700 | 1 | |a Dluhopolskyi, Oleksandr | |
| 700 | 1 | |a Kozlovskyi, Serhii | |
| 700 | 1 | |a Buiak, Lesia | |
| 700 | 1 | |a Moskaliuk, Nadiia | |